000
00253nam a2200097Ia 4500
001
767518
005
20250826165401.0
008
250824s9999 xx 000 0 und d
245
0
_a
PONYFEE VE BÜYÜLÜ LUNAPARK
_c
BARBARA ZOSCHKE
260
_b
MARTI YAYINLARI
999
_c
767518
_d
767518